00590 2200217 4500001002100000005001500021035002000036007000300056008004100059020001800100082001000118084001700128100001800145245007500163260004400238300003200282650001700314700001900331700001100350990001100361INLIS00000000000887620210527105405 a0010-0521000169ta210527 d 1 ind  a979-20-7708-1 a741.5 a741.5 EII o0 aEIICHIRO, Oda1 aOne Piece 32 /cEiichiro Oda;alih bahasa, Faira Ammadea;editor, Nining aJakarta :bElex Media Komputindo,c2005 a213 hlm. :bilus. ;c17 cm. 4aKOMIK.BACAAN0 aFAIRA, Ammadea0 aNINING a8196 a